5 Seconds of Summer (5SOS) - Jawbreaker - All lyrics - Statistics

General Stats
  • This quiz has been taken 35 times
  • The average score is 94 of 124
Answer Stats
Answer % Correct
a
100%
American
100%
jawbreaker
100%
me
100%
my
100%
my,
100%
I
96%
Oh,
96%
Oh
96%
the
96%
When
91%
you
91%
from
87%
heart
87%
I'm
87%
then
87%
you're
87%
on
83%
On
83%
screen
83%
Somethin'
83%
to
83%
TV
83%
can
78%
honey,
78%
in
78%
is
78%
of
78%
shaker
78%
This
78%
and
74%
And
74%
are
74%
end
74%
it's
74%
know
74%
see
74%
everythin'
70%
Swingin'
70%
can't
65%
like
65%
mezzanine
65%
resident
65%
saw
65%
shallow
65%
That
65%
Just
61%
All
57%
didn't
57%
heart's
57%
Holdin'
57%
pretend
57%
something
57%
sweet
57%
wanted
57%
empty
52%
Now,
52%
space
52%
with
52%
arrest
48%
cavin'
48%
house
48%
off
48%
parts
48%
Blue
39%
stranger
39%
taste
39%
yellow
39%
darker
35%
dread
35%
feeling
35%
sunset,
35%
shatterin'
30%
fence
26%
Jumpin'
26%
bent
13%
evеrythin'
0%
No matching quizzes found
Score Distribution
Percent of People with Each Score
Percentile by Number Answered
Your Score History
You have not taken this quiz